000 01018nam a2200253 a 4500
001 965
003 BR-CuiBMT
005 20231124003442.0
008 230821s2003 spb 000 0 por d
020 _a8520324681
040 _aBR-CuiBMT
_cBR-CuiBMT
080 _22007
_a35.072.6
090 _a35.072.6
_bM643c
100 1 _aMileski, Helio Saul
245 1 2 _aO controle da gestão pública /
_cHelio Saul Mileski.
260 _aSão Paulo :
_bRevista dos Tribunais,
_cc2003.
300 _a400 p. ;
_c21 cm
500 _aAtividade financeira do estado ; Planejamento e orçamento: sistemas e desafios ; Lei de responsabilidade fiscal: regulamentação e aspectos polêmicos ; Controle interno: atribuições e desafios práticos ; Tribunal de contas: natureza, funções e perspectiva.
504 _aInclui bibliografia.
650 _aGestão pública
_xControle interno
650 _aAdministração pública
_xControle
_zBrasil
650 _aFiscalização financeira e orçamentária
_zBrasil
942 _2udc
_cLV
999 _c965
_d965